00657nam a2200241 a 4500001001300000003000900013005001700022008004100039020001000080082001700090100001500107245001500122260003300137300000900170500003500179505001000214650001400224700001500238902000800253942000700261952013000268999001700398nice12345678IN_TiNIC20260116013344.0050524s1997 dela grp 000 0 eng  ac12500a297.211bSIN aSingh, N K aUnseen God aDelhibAdam Publishersc1997 a265p aincludes index and biblioraphy2 aIndex aGod-Islam1 aSingh, N K bSRS cBK 001040708StackRoom-aHMIbHMId2009-08-26g125.00l3o297.211 SINp018252r2024-05-06s2024-04-16v125.00w2005-05-24yBK c10685d10685